| 000 | 00454nam a22001817a 4500 | ||
|---|---|---|---|
| 005 | 20230125103235.0 | ||
| 008 | 230125b |||||||| |||| 00| 0 eng d | ||
| 020 | _a81-58933-235 | ||
| 041 | _aeng | ||
| 082 | _a634.9 KHA-F | ||
| 100 |
_aKHANNA,L.S AND CHATURVEDI A.N _97486 |
||
| 245 | _aFOREST MENSURATION AND BIOMETRY | ||
| 250 | _a8th ed. | ||
| 260 |
_bKHANNA BHANDHU _c2022 |
||
| 300 | _a364;P. | ||
| 650 |
_aAGRICULTURE _92837 |
||
| 942 | _cBK | ||
| 999 |
_c8198 _d8196 |
||